00550nam a2200193Ia 4500008004100000041001200041082001000053082001100063100001800074100001100092245003900103260001100142260003500153260000900188650001500197942000700212999001900219952011800238150909s9999 xx 000 0 und d aEnglish a595.7 bJEP/MI aJeppson L R  eAuthor aMites injurious to economic plants aLondon bUniversity of California Press c1975 aEntomology cBK c245981d245981 00104070aKAUCOAbKAUCOAd2022-03-03l0o595.7 JEP/MIpKAU-COA-3580 r2015-09-16 00:00:00w2015-09-16yBK